Highest Points of Most Countries and Territories of the World on a Map - Statistics

General Stats
  • This quiz has been taken 13 times
  • The average score is 33 of 240
Answers on the Map
Answers color-coded by a green-red scale on the quiz's map according to % correct below.
 
Answer Stats
Country/Territory High Point Elevation % Correct
United States Denali/Mount McKinley 6190.0 m (20,308 ft)
78%
China[h] Mount Everest 8849 m (29,032 ft)
78%
Nepal Mount Everest 8849 m (29,032 ft)
78%
United Kingdom Ben Nevis 1345 m (4,413 ft)
44%
France Mont Blanc 4806 m (15,768 ft)
44%
Italy Mont Blanc 4806 m (15,768 ft)
44%
Canada Mount Logan 5959 m (19,551 ft)
44%
Argentina Aconcagua 6961 m (22,838 ft)
33%
Pakistan K2 8611 m (28,251 ft)
33%
Tanzania Kilimanjaro 5895 m (19,341 ft)
33%
Turkey Mount Ararat 5137 m (16,854 ft)
33%
Japan Mount Fuji 3776 m (12,388 ft)
33%
Kenya Mount Kenya 5199 m (17,057 ft)
33%
Germany Zugspitze 2962 m (9,718 ft)
33%
New Zealand Aoraki/Mount Cook 3724 m (12,218 ft)
22%
Belize Doyle's Delight 1124 m (3,688 ft)
22%
Bahamas Mount Alvernia/Como Hill 63 m (207 ft)
22%
Cameroon Mount Cameroon 4040 m (13,255 ft)
22%
Russia Mount Elbrus 5642 m (18,510 ft)
22%
Cyprus Mount Olympus 1952 m (6,404 ft)
22%
Greece Mount Olympus 2918 m (9,573 ft)
22%
Uganda Mount Stanley 5109 m (16,762 ft)
22%
Democratic Republic of the Congo Mount Stanley/Ngaliema 5109 m (16,762 ft)
22%
Haiti Pic la Selle 2680 m (8,793 ft)
22%
Dominican Republic Pico Duarte 3101 m (10,174 ft)
22%
Cuba Pico Turquino 1974 m (6,476 ft)
22%
Isle of Man Snaefell 621 m (2,037 ft)
22%
Cayman Islands The Bluff 43 m (141 ft)
22%
Bermuda Town Hill 79 m (259 ft)
22%
Mexico Volcán Citlaltépetl/Pico de Orizaba 5636 m (18,491 ft)
22%
Guatemala Volcán Tajumulco 4203 m (13,789 ft)
22%
Lithuania Aukštojas Hill 294 m (964 ft)
11%
Turkmenistan Aýrybaba 3138 m (10,295 ft)
11%
Moldova Bălănești Hill 430 m (1,411 ft)
11%
French Guiana Bellevue de l'Inini 851 m (2,792 ft)
11%
Mayotte Benara 660 m (2,165 ft)
11%
Heard Island and McDonald Islands Big Ben/Mawson Peak 2745 m (9,006 ft)
11%
Libya Bikku Bitti 2267 m (7,438 ft)
11%
Turks and Caicos Islands Blue Hills 49 m (161 ft)
11%
Jamaica Blue Mountain Peak 2256 m (7,402 ft)
11%
Antigua and Barbuda Boggy Peak 402 m (1,319 ft)
11%
Brunei Bukit Pagon/Pagon Hill 1875 m (6,152 ft)
11%
Singapore Bukit Timah Hill 164 m (537 ft)
11%
Ireland Carrauntoohil 1039 m (3,409 ft)
11%
Uruguay Cerro Catedral 514 m (1,685 ft)
11%
Costa Rica Cerro Chirripó 3821 m (12,536 ft)
11%
Puerto Rico Cerro de Punta 1338 m (4,390 ft)
11%
El Salvador Cerro El Pital 2730 m (8,957 ft)
11%
Honduras Cerro Las Minas 2870 m (9,416 ft)
11%
Paraguay Cerro Peró 842 m (2,762 ft)
11%
Montserrat Chances Peak 915 m (3,002 ft)
11%
Nigeria Chappal Waddi 2419 m (7,936 ft)
11%
Iraq Cheekha Dar 3611 m (11,847 ft)
11%
Ecuador Chimborazo 6263 m (20,548 ft)
11%
Macau Coloane Alto 172 m (564 ft)
11%
Andorra Coma Pedrosa 2943 m (9,656 ft)
11%
Nauru Command Ridge 65 m (213 ft)
11%
Anguilla Crocus Hill 73 m (240 ft)
11%
United States Virgin Islands Crown Mountain 474 m (1,555 ft)
11%
Iran Damavand 5609 m (18,402 ft)
11%
Croatia Dinara 1831 m (6,007 ft)
11%
Thailand Doi Inthanon 2565 m (8,415 ft)
11%
Guinea-Bissau Dongol Rondè/Monte Torin 266 m (873 ft)
11%
Switzerland Dufourspitze/Monte Rosa 4634 m (15,203 ft)
11%
Belarus Dzyarzhynskaya Hara 345 m (1,132 ft)
11%
Trinidad and Tobago El Cerro del Aripo 940 m (3,084 ft)
11%
Eritrea Emba Soira 3018 m (9,902 ft)
11%
Chad Emi Koussi 3447 m (11,309 ft)
11%
Eswatini Emlembe 1862 m (6,109 ft)
11%
Vietnam Fansipan 3147 m (10,325 ft)
11%
Senegal Felo Barkere 638 m (2,093 ft)
11%
Bir Tawil Gabal Hagar El Zarqa 662 m (2,172 ft)
11%
Latvia Gaiziņkalns 312 m (1,024 ft)
11%
Norway Galdhøpiggen 2469 m (8,100 ft)
11%
Bhutan Gangkhar Puensum 7571 m (24,839 ft)
11%
Slovakia Gerlachovský štít 2654 m (8,707 ft)
11%
North Macedonia Golem Korab 2764 m (9,068 ft)
11%
Liechtenstein Grauspitz 2599 m (8,527 ft)
11%
Austria Grossglockner 3798 m (12,461 ft)
11%
Greenland Gunnbjørn Fjeld 3694 m (12,119 ft)
11%
Svalbard and Jan Mayen Haakon VII Toppen 2277 m (7,470 ft)
11%
South Korea Halla-san 1947 m (6,388 ft)
11%
Finland Halti 1324 m (4,344 ft)
11%
Myanmar Hkakabo Razi 5881 m (19,295 ft)
11%
Mali Hombori Tondo 1155 m (3,789 ft)
11%
Ukraine Hoverla 2061 m (6,762 ft)
11%
Peru Huascarán 6768 m (22,205 ft)
11%
Iceland Hvannadalshnúkur 2110 m (6,921 ft)
11%
Tajikistan Ismoil Somoni Peak 7495 m (24,590 ft)
11%
United Arab Emirates Jabal Al Jais 1892 m (6,207 ft)
11%
Yemen Jabal An-Nabi Shu'ayb 3666 m (12,028 ft)
11%
Syria Jabal el-Sheikh/Mount Hermon 2814 m (9,232 ft)
11%
Saudi Arabia Jabal Ferwa/Jabal Asir (most recent survey) 3004 m (9,856 ft)
11%
Sudan Jabal Marrah/Deriba Caldera 3024 m (9,921 ft)
11%
Oman Jabal Shams 3018 m (9,902 ft)
11%
Jordan Jabal Umm ad Dami 1854 m (6,083 ft)
11%
Morocco[ad] Jbel Toubkal 4167 m (13,671 ft)
11%
Tunisia Jebel ech Chambi 1544 m (5,066 ft)
11%
Kyrgyzstan Jengish Chokusu 7439 m (24,406 ft)
11%
Suriname Juliana Top 1280 m (4,199 ft)
11%
India Kangchenjunga 8586 m (28,169 ft)
11%
Tonga Kao 1030 m (3,379 ft)
11%
Sweden Kebnekaise 2097 m (6,880 ft)
11%
Mauritania Kediet ej Jill 915 m (3,002 ft)
11%
Hungary Kékes 1014 m (3,327 ft)
11%
Kazakhstan Khan Tengri 7010 m (22,999 ft)
11%
Uzbekistan Khazret Sultan 4643 m (15,233 ft)
11%
Mongolia Khüiten Peak 4356 m (14,291 ft)
11%
South Sudan Kinyeti 3187 m (10,456 ft)
11%
Luxembourg Kneiff 560 m (1,837 ft)
11%
Namibia Königstein 2573 m (8,442 ft)
11%
Albania Korab 2764 m (9,068 ft)
11%
Guadeloupe La Grande Soufrière 1467 m (4,813 ft)
11%
Saint Vincent and the Grenadines La Soufrière 1235 m (4,052 ft)
11%
American Samoa Lata Mountain 966 m (3,169 ft)
11%
Ghana Leklata 900 m (2,953 ft)
11%
Guernsey Le Moulin 114 m (374 ft)
11%
Jersey Les Platons 136 m (446 ft)
11%
South Africa Mafadi 3446 m (11,306 ft)
11%
Zambia Mafinga Central 2339 m (7,674 ft)
11%
Bosnia and Herzegovina Maglić 2386 m (7,828 ft)
11%
Madagascar Maromokotro 2876 m (9,436 ft)
11%
Samoa Mauga Silisili 1858 m (6,096 ft)
11%
Serbia Midžor 2169 m (7,116 ft)
11%
Nicaragua Mogotón 2085 m (6,841 ft)
11%
Romania Moldoveanu 2545 m (8,350 ft)
11%
Denmark Møllehøj 171 m (561 ft)
11%
Botswana Monalanong Hill 1494 m (4,902 ft)
11%
Portugal Montanha do Pico 2351 m (7,713 ft)
11%
Togo Mont Atilakoutse 991 m (3,251 ft)
11%
Gabon Mont Bengoué 1070 m (3,510 ft)
11%
Mozambique Monte Binga 2440 m (8,005 ft)
11%
San Marino Monte Titano 739 m (2,425 ft)
11%
Niger Mont Idoukal-n-Taghès 2002 m (6,568 ft)
11%
Republic of the Congo Mont Nabemba 1020 m (3,346 ft)
11%
Central African Republic Mont Ngaoui 1410 m (4,626 ft)
11%
Ivory Coast Mont Nimba/Mount Richard-Molard 1752 m (5,748 ft)
11%
Guinea Mont Nimba/Mount Richard-Molard 1752 m (5,748 ft)
11%
French Polynesia Mont Orohena 2241 m (7,352 ft)
11%
New Caledonia Mont Panié 1628 m (5,341 ft)
11%
Wallis and Futuna Mont Puke 524 m (1,719 ft)
11%
French Southern and Antarctic Lands Mont Ross 1850 m (6,070 ft)
11%
Benin Mont Sokbaro 658 m (2,159 ft)
11%
Saint Pierre and Miquelon Morne de la Grande Montagneon 240 m (787 ft)
11%
Saint Barthélemy Morne de Vitet 286 m (938 ft)
11%
Dominica Morne Diablotins 1447 m (4,747 ft)
11%
Seychelles Morne Seychellois 905 m (2,969 ft)
11%
Northern Mariana Islands Mount Agrihan 965 m (3,166 ft)
11%
Bahrain Mountain of Smoke/Jabal ad Dukhan 134 m (440 ft)
11%
Philippines Mount Apo 2954 m (9,692 ft)
11%
Armenia Mount Aragats 4090 m (13,419 ft)
11%
Norfolk Island Mount Bates 319 m (1,047 ft)
11%
Azerbaijan Mount Bazardüzü 4466 m (14,652 ft)
11%
Sierra Leone Mount Bintumani 1945 m (6,381 ft)
11%
Egypt Mount Catherine 2629 m (8,625 ft)
11%
Saint Lucia Mount Gimie 950 m (3,117 ft)
11%
Burundi Mount Heha 2684 m (8,806 ft)
11%
Barbados Mount Hillaby 340 m (1,115 ft)
11%
Aruba Mount Jamanota 188 m (617 ft)
11%
Rwanda Mount Karisimbi 4507 m (14,787 ft)
11%
Comoros Mount Karthala 2361 m (7,746 ft)
11%
Australia Mount Kosciuszko 2228 m (7,310 ft)
11%
Guam Mount Lamlam 406 m (1,332 ft)
11%
Saint Kitts and Nevis Mount Liamuigaon 1156 m (3,793 ft)
11%
Angola Mount Moco 2620 m (8,596 ft)
11%
Malawi Mount Mulanje 3002 m (9,849 ft)
11%
Palestine Mount Nabi Yunis 1030 m (3,379 ft)
11%
Palau Mount Ngerchelchuus 242 m (794 ft)
11%
Zimbabwe Mount Nyangani 2592 m (8,504 ft)
11%
South Georgia and the South Sandwich Islands Mount Paget 2935 m (9,629 ft)
11%
Martinique Mount Pelée 1397 m (4,583 ft)
11%
Solomon Islands Mount Popomanaseu 2335 m (7,661 ft)
11%
Timor-Leste Mount Ramelau 2963 m (9,721 ft)
11%
Guyana Mount Roraima 2772 m (9,094 ft)
11%
British Virgin Islands Mount Sage 523 m (1,716 ft)
11%
Grenada Mount Saint Catherine 840 m (2,756 ft)
11%
Netherlands Mount Scenery 870 m (2,854 ft)
11%
Vanuatu Mount Tabwemasana 1879 m (6,165 ft)
11%
Algeria Mount Tahat 2908 m (9,541 ft)
11%
Burkina Faso Mount Tenakourou 747 m (2,451 ft)
11%
Falkland Islands Mount Usborne 705 m (2,313 ft)
11%
Maldives[ab] Mount Villingili 5 m (17 ft)
11%
Papua New Guinea Mount Wilhelm 4509 m (14,793 ft)
11%
Liberia Mount Wuteve 1447 m (4,747 ft)
11%
Djibouti Mousa Ali 2021 m (6,631 ft)
11%
Christmas Island Murray Hill 361 m (1,184 ft)
11%
Bulgaria Musala 2925 m (9,596 ft)
11%
Federated States of Micronesia Nanlaud 782 m (2,566 ft)
11%
Afghanistan Noshaq 7492 m (24,580 ft)
11%
Chile Ojos del Salado 6893 m (22,615 ft)
11%
Bouvet Island Olavtoppen 780 m (2,559 ft)
11%
Botswana Otse Hill 1494 m (4,902 ft)
11%
North Korea Paektu-san 2744 m (9,003 ft)
11%
Pitcairn Islands Pawala Valley Ridge 347 m (1,138 ft)
11%
Cambodia Phnom Aural 1813 m (5,948 ft)
11%
Laos Phou Bia 2830 m (9,285 ft)
11%
Equatorial Guinea Pico Basilé 3011 m (9,879 ft)
11%
Venezuela Pico Bolívar 4978 m (16,332 ft)
11%
Colombia Pico Cristóbal Colón 5775 m (18,947 ft)
11%
Brazil Pico da Neblina 2995 m (9,826 ft)
11%
São Tomé and Príncipe Pico de São Toméon 2024 m (6,640 ft)
11%
Cape Verde Pico do Fogo 2829 m (9,281 ft)
11%
Saint Martin Pic Paradis 424 m (1,391 ft)
11%
Sri Lanka Pidurutalagala 2524 m (8,281 ft)
11%
Mauritius Piton de la Petite Rivière Noire 828 m (2,717 ft)
11%
Réunion Piton des Neiges 3070 m (10,072 ft)
11%
Indonesia Puncak Jaya/Carstensz Pyramid 4884 m (16,024 ft)
11%
Saint Helena, Ascension and Tristan da Cunha Queen Mary's Peak 2062 m (6,765 ft)
11%
Qatar Qurayn Abu al Bawl 103 m (338 ft)
11%
Lebanon Qurnat as Sawda' 3088 m (10,131 ft)
11%
Ethiopia Ras Dejen 4550 m (14,928 ft)
11%
Gibraltar Rock of Gibraltar 426 m (1,398 ft)
11%
Poland Rysy 2499 m (8,199 ft)
11%
Bolivia Sajama 6542 m (21,463 ft)
11%
Bangladesh Saka Haphong 1063 m (3,488 ft)
11%
Gambia Sare Firasu Hill 51 m (167 ft)
11%
Somalia Shimbiris 2460 m (8,071 ft)
11%
Georgia Shkhara 5203 m (17,070 ft)
11%
Belgium Signal de Botrange 694 m (2,277 ft)
11%
Curaçao Sint Christoffelberg 372 m (1,220 ft)
11%
Faroe Islands Slættaratindur 880 m (2,887 ft)
11%
Czech Republic Sněžka 1603 m (5,259 ft)
11%
Estonia Suur Munamägi 318 m (1,043 ft)
11%
Malta Ta'Dmejrek 253 m (830 ft)
11%
Hong Kong Tai Mo Shan 957 m (3,140 ft)
11%
Spain Teide (on Tenerife) 3715 m (12,188 ft)
11%
Cook Islands Te Manga 652 m (2,139 ft)
11%
Lesotho Thabana Ntlenyana 3482 m (11,424 ft)
11%
Fiji Tomanivi 1324 m (4,344 ft)
11%
Slovenia Triglav 2864 m (9,396 ft)
11%
Vatican City Vatican Hill 75 m (246 ft)
11%
Kosovo Velika Rudoka 2660 m (8,728 ft)
11%
Panama Volcán Barú 3475 m (11,401 ft)
11%
Sahrawi Republic[ad] Western Sahara Peak 620 620 m (2,034 ft)
11%
Taiwan[aq] Yu Shan/Jade Mountain 3952 m (12,966 ft)
11%
Montenegro Zla Kolata 2534 m (8,314 ft)
11%
Malaysia Gunung Kinabaluon 4095 m (13,436 ft)
0%
Saudi Arabia Jabal Soudah (official) 3015 m (9,892 ft)
0%
Israel Mount Hermon (in the Golan Heights) 2814 m (9,232 ft)
0%
Israel Mount Meron (inside Israeli territory which wasn't invaded) 1204 m (3,950 ft)
0%
No matching quizzes found
Score Distribution
Percent of People with Each Score
Percentile by Number Answered
Your Score History
You have not taken this quiz